000
00313nam a2200121Ia 4500
008
191201s2004 xx 000 0 und d
100
_a
BIRKETT, Julian
245
0
_a
Word Power: A Guide to Creative Writing
260
_a
N.Delhi
_b
Unistar Books
_c
2004
300
_a
190
650
_a
General Books
942
_2
ddc
_c
BK
999
_c
2213
_d
2213